header

Selected papers from HIS-01 conference on heating by internal sources, Padova, Italy (Record no. 65521)

MARC details
000 -LEADER
fixed length control field 01208nam a2200277Ia 4500
245 00 - TITLE STATEMENT
Title Selected papers from HIS-01 conference on heating by internal sources, Padova, Italy
260 ## - PUBLICATION, DISTRIBUTION, ETC. (IMPRINT)
Place of publication Bradford, England :
Name of publisher Emerald Group Publishing,
Year of publication c2003.
300 ## - PHYSICAL DESCRIPTION
Number of Pages 193 p.
490 0# - SERIES STATEMENT
Series statement COMPEL ;
650 #0 - SUBJECT ADDED ENTRY--TOPICAL TERM
Topical Term Energy transfer.
Topical Term Heat
700 1# - ADDED ENTRY--PERSONAL NAME
Personal name Dughiero, Fabrizio.
856 40 - ELECTRONIC LOCATION AND ACCESS
Uniform Resource Identifier http://site.ebrary.com/lib/rucke/Doc?id=10052652

No items available.

© 2026 Rongo University
Contact us: librarian | system librarian | Rongo university